00345 a2200121 450000100060000010000120000624500250001826000380004309000170008194200220009899900190012095200840013914150 aMinolta aPortrait photography aNew JerseybMinolta corporationc c11094d11094 aNUST-CAEcMc1219 c249223d249223 001040708NFICaCAEbCAEd2017-04-03l0pCAE35251r2017-04-05w2017-04-05yBK